00313nam a2200121Ia 4500008004100000041000800041082001500049100001900064245003000083260004400113300002300157365001100180240624s9999 xx 000 0 und d aeng a657.45 WEI aWEIGHTMAN JANE aEMPLOYEE MOTIVATION AUDIT aUKbCambridge Strategy Publications Ltd a67 : p. : cm. ; 29 cRSb50